[Event "Gelsenkirchen Silvester op 5th"]
[Site "Gelsenkirchen"]
[Date "2017.12.27"]
[Round "2"]
[White "Urbantat, Luis Peter"]
[Black "Holdsch, Peter Michael"]
[Result "0-1"]
[WhiteElo "1079"]
[BlackElo "1536"]
[PlyCount "44"]
[EventDate "2017.12.27"]
[EventType "swiss"]
[EventRounds "5"]
[EventCountry "GER"]
[SourceTitle "CBM 182 Extra"]
[Source "ChessBase"]
[SourceDate "2018.02.23"]
[SourceVersion "1"]
[SourceVersionDate "2018.02.23"]
[SourceQuality "1"]

1. e4 c5 2. Nf3 Nc6 3. Bc4 d6 4. Nc3 a6 5. a4 e6 6. 0-0 g6 7. d3 Bg7 8. Be3 Nf6 9. d4 cxd4 10. Bxd4 Nxd4 11. Qxd4 0-0 12. Rfd1 Ne8 13. Qe3 Qc7 14. b3 Bd7 15. Rd3 Bc6 16. h3 Nf6 17. a5 Rad8 18. Rad1 Rfe8 19. Nd2 d5 20. exd5 exd5 21. Bxd5 Rxe3 22. fxe3 Nxd5 0-1

[Event "GER-chT Betriebe 17th"]
[Site "Berlin"]
[Date "2017.11.05"]
[Round "7.3"]
[White "Baader, Matthieu"]
[Black "Holdsch, Peter Michael"]
[Result "0-1"]
[WhiteElo "1492"]
[BlackElo "1628"]
[PlyCount "267"]
[EventDate "2017.11.02"]
[EventType "team-swiss"]
[EventRounds "7"]
[EventCountry "GER"]
[SourceTitle "EXT 2020"]
[Source "ChessBase"]
[SourceDate "2019.10.17"]
[SourceVersion "1"]
[SourceVersionDate "2019.10.17"]
[SourceQuality "1"]
[WhiteTeam "Duesseldorf Vodafone II"]
[BlackTeam "Oberhausen Deutsche Bahn"]
[WhiteTeamCountry "GER"]
[BlackTeamCountry "GER"]

1. c4 Nf6 2. Nc3 e6 3. d3 Be7 4. e4 d6 5. f4 Nbd7 6. Be2 b6 7. Bf3 Bb7 8. e5 Bxf3 9. Nxf3 dxe5 10. fxe5 Ng8 11. 0-0 Bb4 12. Qe2 Ne7 13. Ng5 0-0 14. Qh5 h6 15. Nxf7 Qe8 16. Nxh6+ gxh6 17. Rxf8+ Qxf8 18. Bxh6 Bc5+ 19. Kh1 Qf5 20. Qxf5 Nxf5 21. Bf4 Bd4 22. Re1 Kf7 23. Re2 a6 24. g3 Nc5 25. Rd2 Rd8 26. Ne4 Nxe4 27. dxe4 Ng7 28. b3 Ke8 29. Kg2 c5 30. Kf3 Kf7 31. Kg4 Rg8 32. Kf3 Rf8 33. g4 Rh8 34. Kg3 Rg8 35. h3 Nh5+ 36. Kf3 Nxf4 37. Kxf4 Rh8 38. Rd3 Kg6 39. Rf3 Rf8+ 40. Kg3 Bxe5+ 41. Kg2 Rxf3 42. Kxf3 Kg5 43. a3 Kh4 44. Kg2 a5 45. a4 Bf4 46. Kf3 e5 47. Kg2 Bc1 48. Kh2 Kg5 49. Kg3 Bf4+ 50. Kf3 Kh4 51. Kg2 Bg3 52. g5 Bf4 53. g6 Bh6 54. Kh2 Kg5 55. Kg3 Kxg6 56. Kh4 Bf4 57. Kg4 Kf6 58. Kh5 Bd2 59. Kh4 Kg6 60. Kg4 Bh6 61. Kh4 Bg7 62. Kg4 Bh6 63. Kh4 Bg7 64. Kg4 Kf6 65. Kh5 Bf8 66. Kg4 Kg6 67. Kh4 Be7+ 68. Kg4 Bf6 69. h4 Bg7 70. h5+ Kf6 71. Kh4 Bh6 72. Kg4 Bg5 73. Kh3 Kg7 74. Kg4 Kh6 75. Kf5 Bf4 76. Kg4 Bh2 77. Kh4 Bg1 78. Kg4 Bf2 79. Kf5 Bg3 80. Kg4 Bf4 81. Kh4 Kg7 82. Kg4 Kf6 83. Kh4 Be3 84. Kg4 Bf2 85. Kf3 Be1 86. Kg4 Bf2 87. Kf3 Kg5 88. Kxf2 Kxh5 89. Kg3 Kg5 90. Kf3 Kh4 91. Ke2 Kg3 92. Ke3 Kg2 93. Ke2 Kg3 94. Ke3 Kg4 95. Ke2 Kg3 96. Ke3 Kg2 97. Ke2 Kg3 98. Ke3 Kg4 99. Ke2 Kg3 100. Ke3 Kg2 101. Ke2 Kg3 102. Ke3 Kh4 103. Kd2 Kh3 104. Kd3 Kg2 105. Ke2 Kh3 106. Kd3 Kg3 107. Ke3 Kg2 108. Ke2 Kh3 109. Kd3 Kh4 110. Kd2 Kg5 111. Ke3 Kg4 112. Ke2 Kf4 113. Kd3 Kf3 114. Kd2 Kxe4 115. Ke2 Kd4 116. Kd2 e4 117. Kc2 e3 118. Kd1 Kc3 119. Ke2 Kxb3 120. Kxe3 Kxc4 121. Kd2 Kb4 122. Kd3 c4+ 123. Kc2 Kxa4 124. Kc3 b5 125. Kb2 b4 126. Ka2 c3 127. Kb1 Kb3 128. Kc1 Kc4 129. Kc2 b3+ 130. Kc1 Kd3 131. Kb1 Kd2 132. Ka1 c2 133. Kb2 c1Q+ 134. Kxb3 0-1

[Event "GER-chT Betriebe 17th"]
[Site "Berlin"]
[Date "2017.11.03"]
[Round "4.3"]
[White "Holdsch, Peter Michael"]
[Black "Schneider, Eckehard"]
[Result "1-0"]
[WhiteElo "1628"]
[BlackElo "1842"]
[PlyCount "99"]
[EventDate "2017.11.02"]
[EventType "team-swiss"]
[EventRounds "7"]
[EventCountry "GER"]
[SourceTitle "EXT 2020"]
[Source "ChessBase"]
[SourceDate "2019.10.17"]
[SourceVersion "1"]
[SourceVersionDate "2019.10.17"]
[SourceQuality "1"]
[WhiteTeam "Oberhausen Deutsche Bahn"]
[BlackTeam "Berlin Tempelhof III"]
[WhiteTeamCountry "GER"]
[BlackTeamCountry "GER"]

1. d4 Nf6 2. Nf3 g6 3. c4 Bg7 4. Nc3 0-0 5. Bg5 d6 6. Qd2 c5 7. d5 Na6 8. Bh6 e5 9. Bxg7 Kxg7 10. e4 Nh5 11. g3 f5 12. exf5 Bxf5 13. Nh4 Bd7 14. Be2 Nf6 15. a3 Qe7 16. 0-0 Bh3 17. Ng2 Rf7 18. Qg5 Raf8 19. Qh4 Qd7 20. f4 exf4 21. Rxf4 h6 22. Ne4 Nxe4 23. Rxf7+ Rxf7 24. Qxe4 Re7 25. Qf3 Bf5 26. Rf1 Qe8 27. Nf4 Re3 28. Ne6+ Rxe6 29. dxe6 Qe7 30. Re1 Nb8 31. Bd3 Bxd3 32. Qxd3 Nc6 33. Qd5 Nd4 34. b4 Nc2 35. bxc5 Nxe1 36. cxd6 Qf6 37. Qxb7+ Kg8 38. Qc8+ Kg7 39. Qd7+ Kg8 40. e7 Nf3+ 41. Kg2 Ne1+ 42. Kg1 Nf3+ 43. Kh1 Qa1+ 44. Kg2 Qg1+ 45. Kxf3 Qf1+ 46. Ke3 Qe1+ 47. Kd4 Qd2+ 48. Kc5 Qe3+ 49. Kc6 Qe4+ 50. Kc7 1-0

[Event "Solingen Karneval op"]
[Site "Solingen"]
[Date "2017.02.26"]
[Round "4"]
[White "Holdsch, Peter Michael"]
[Black "Schmuck, Markus"]
[Result "0-1"]
[WhiteElo "1598"]
[BlackElo "1945"]
[PlyCount "58"]
[EventDate "2017.02.24"]
[EventType "swiss"]
[EventRounds "5"]
[EventCountry "GER"]
[SourceTitle "EXT 2018"]
[Source "ChessBase"]
[SourceDate "2017.10.13"]
[SourceVersion "1"]
[SourceVersionDate "2017.10.13"]
[SourceQuality "1"]

1. d4 d6 2. e4 e5 3. dxe5 dxe5 4. Qxd8+ Kxd8 5. Bc4 f5 6. Bg5+ Nf6 7. Nc3 c6 8. Nge2 Kc7 9. Bxf6 gxf6 10. 0-0-0 a5 11. a4 Na6 12. Ba2 fxe4 13. Nxe4 f5 14. N4c3 Bd7 15. Kb1 Bc5 16. f3 Rad8 17. Nc1 Rhe8 18. Rhe1 Bd4 19. N1e2 Bf2 20. Rf1 Bb6 21. Ng3 Nc5 22. Rfe1 Re7 23. Re2 Kc8 24. Rd6 Rf8 25. Nd5 cxd5 26. Rxb6 Bc6 27. b4 Nxa4 28. Rxc6+ bxc6 29. Re1 axb4 0-1

[Event "Solingen Karneval op"]
[Site "Solingen"]
[Date "2017.02.25"]
[Round "3"]
[White "Holdsch, Peter Michael"]
[Black "Hoefer, Severin Paul"]
[Result "0-1"]
[WhiteElo "1598"]
[BlackElo "1933"]
[PlyCount "96"]
[EventDate "2017.02.24"]
[EventType "swiss"]
[EventRounds "5"]
[EventCountry "GER"]
[SourceTitle "EXT 2018"]
[Source "ChessBase"]
[SourceDate "2017.10.13"]
[SourceVersion "1"]
[SourceVersionDate "2017.10.13"]
[SourceQuality "1"]

1. c4 Nf6 2. Nc3 e6 3. g3 d5 4. cxd5 exd5 5. d4 Bd6 6. Bg2 c6 7. Nf3 0-0 8. 0-0 Bf5 9. Nh4 Bg4 10. h3 Bh5 11. Bf3 Bxf3 12. exf3 Re8 13. Re1 Nbd7 14. Ng2 Nf8 15. Bf4 Rxe1+ 16. Qxe1 Ne6 17. Be5 Qe7 18. f4 Re8 19. Qd2 Bb4 20. f3 Nd7 21. Re1 f6 22. Bc7 Qf8 23. Rxe6 Rxe6 24. f5 Re8 25. Nf4 Qe7 26. Ne6 Nf8 27. Nxf8 Kxf8 28. Qf4 Qe3+ 29. Qxe3 Rxe3 30. Kf2 Re8 31. a3 Bxc3 32. bxc3 Ke7 33. Ba5 Kd7 34. Bb4 b6 35. a4 a5 36. Ba3 b5 37. axb5 cxb5 38. g4 Kc6 39. Bc5 Rb8 40. h4 h6 41. Ke2 b4 42. cxb4 axb4 43. Kd2 Kb5 44. Kc2 Rc8 45. f4 Rxc5+ 46. dxc5 Kxc5 47. g5 Kc4 48. h5 d4 0-1

[Event "Solingen Karneval op"]
[Site "Solingen"]
[Date "2017.02.24"]
[Round "1"]
[White "Holdsch, Peter Michael"]
[Black "Coenen, Siegfried"]
[Result "1-0"]
[WhiteElo "1598"]
[BlackElo "1982"]
[PlyCount "79"]
[EventDate "2017.02.24"]
[EventType "swiss"]
[EventRounds "5"]
[EventCountry "GER"]
[SourceTitle "EXT 2018"]
[Source "ChessBase"]
[SourceDate "2017.10.13"]
[SourceVersion "1"]
[SourceVersionDate "2017.10.13"]
[SourceQuality "1"]

1. c4 e6 2. Nc3 d5 3. d4 Nf6 4. Bf4 c6 5. cxd5 exd5 6. e3 Be7 7. Nf3 Nbd7 8. Bd3 0-0 9. h3 Re8 10. 0-0 Nf8 11. Ne5 Bd6 12. Bh2 Ng6 13. Nxg6 Bxh2+ 14. Kxh2 hxg6 15. Kh1 Nh7 16. Ne2 Qh4 17. Ng1 Re6 18. Nf3 Qe7 19. Rc1 g5 20. Qc2 Rh6 21. Bf5 g4 22. Ng1 Ng5 23. Bxc8 Rxc8 24. Qf5 Rf8 25. Qxg4 f5 26. Qg3 Ne4 27. Qe5 Re6 28. Qh2 Qh4 29. Nf3 Qe7 30. Ne5 f4 31. exf4 Qb4 32. Nd7 Rf5 33. g4 Rf7 34. f5 Rh6 35. Ne5 Re7 36. Ng6 Re8 37. f3 Ng5 38. h4 Qxd4 39. Rce1 Re3 40. Qb8+ 1-0

[Event "Gelsenkirchen Silvester op 4th"]
[Site "Gelsenkirchen"]
[Date "2016.12.27"]
[Round "2"]
[White "Wolter, Detlef"]
[Black "Holdsch, Peter Michael"]
[Result "1-0"]
[WhiteElo "2283"]
[BlackElo "1606"]
[PlyCount "49"]
[EventDate "2016.12.27"]
[EventType "swiss"]
[EventRounds "5"]
[EventCountry "GER"]
[SourceTitle "EXT 2019"]
[Source "ChessBase"]
[SourceDate "2018.10.10"]
[SourceVersion "1"]
[SourceVersionDate "2018.10.10"]
[SourceQuality "1"]

1. d4 e6 2. c4 f5 3. g3 c6 4. Bg2 d5 5. Nh3 Nf6 6. 0-0 Bd6 7. b3 0-0 8. Bf4 Bxf4 9. Nxf4 Na6 10. e3 Nc7 11. Nd2 Qe8 12. Nf3 Ne4 13. Ne5 Ng5 14. Nfd3 Nf7 15. Qe2 Nxe5 16. Nxe5 g5 17. f3 f4 18. gxf4 gxf4 19. Kh1 Qh5 20. Rg1 Kh8 21. Bf1 fxe3 22. Qg2 Ne8 23. f4 Qf5 24. Bd3 Qh5 25. Rac1 1-0

[Event "Dortmund op-B"]
[Site "Dortmund"]
[Date "2004.07.31"]
[Round "9"]
[White "Holdsch, Peter Michael"]
[Black "Pittag, Andreas"]
[Result "1/2-1/2"]
[WhiteElo "1590"]
[BlackElo "1744"]
[PlyCount "152"]
[EventDate "2004.07.??"]
[EventType "swiss"]
[EventRounds "9"]
[EventCountry "GER"]
[SourceTitle "EXT 2006"]
[Source "ChessBase"]
[SourceDate "2005.11.24"]
[SourceVersion "1"]
[SourceVersionDate "2005.11.24"]
[SourceQuality "1"]

1. Nf3 d6 2. d4 Nf6 3. e3 Nc6 4. c3 Bg4 5. Nbd2 e5 6. dxe5 Nxe5 7. Be2 Ng6 8. 0-0 d5 9. Ng5 Bd7 10. Qb3 Qb8 11. c4 a5 12. a4 h6 13. Ngf3 c6 14. cxd5 Nxd5 15. g3 Be7 16. Nc4 Qc7 17. e4 Nb4 18. Bd2 b6 19. Bc3 Kf8 20. Nce5 Nxe5 21. Nxe5 Be6 22. Bc4 Bxc4 23. Qxc4 Bc5 24. Rad1 Ra7 25. Rd7 Qxd7 26. Nxd7+ Rxd7 27. Kg2 Kg8 28. Qe2 h5 29. h4 Rh6 30. Qf3 Rd3 31. Qf5 Re6 32. Qxh5 Rxe4 33. Rd1 Rxd1 34. Qxd1 Nd5 35. Qf3 Re6 36. h5 Be7 37. Bd4 Bf8 38. g4 Be7 39. Qf5 Bd6 40. g5 Nf4+ 41. Kf3 c5 42. Bc3 Nxh5 43. g6 Nf6 44. gxf7+ Kxf7 45. Kg2 Be7 46. Kf1 Rd6 47. Ke2 Rd5 48. Qf3 Ke6 49. Qh3+ Rf5 50. Kd3 c4+ 51. Kxc4 Bc5 52. Bd4 Bxd4 53. Kxd4 Nd7 54. Kc4 Ne5+ 55. Kb5 Nd7+ 56. Kc6 g6 57. Qb3+ Ke7 58. f4 Rc5+ 59. Kb7 Rf5 60. Qe3+ Kd8 61. Qd4 Rf6 62. b3 Ke7 63. b4 axb4 64. Qxb4+ Kd8 65. Qc4 Nc5+ 66. Kb8 Nd7+ 67. Ka8 Rd6 68. Qg8+ Kc7 69. Qf7 Kc6 70. Qe8 Kd5 71. Qg8+ Kc5 72. Qc8+ Kb4 73. Qc7 Rd4 74. Qc6 Kb3 75. Qxg6 Rxa4+ 76. Kb7 Nc5+ 1/2-1/2

[Event "Dortmund op-B"]
[Site "Dortmund"]
[Date "2004.07.25"]
[Round "3"]
[White "Holdsch, Peter Michael"]
[Black "Retta, Thorben"]
[Result "1/2-1/2"]
[WhiteElo "1590"]
[BlackElo "1812"]
[PlyCount "95"]
[EventDate "2004.07.??"]
[EventType "swiss"]
[EventRounds "9"]
[EventCountry "GER"]
[SourceTitle "EXT 2006"]
[Source "ChessBase"]
[SourceDate "2005.11.24"]
[SourceVersion "1"]
[SourceVersionDate "2005.11.24"]
[SourceQuality "1"]

1. e4 d6 2. d4 Nf6 3. Nc3 g6 4. Nf3 Bg7 5. h3 0-0 6. Be3 c6 7. Be2 Qc7 8. Qd2 Re8 9. 0-0 Nbd7 10. Rac1 e5 11. d5 c5 12. Nh2 a6 13. a4 Rb8 14. f3 Nh5 15. Qe1 f5 16. Kh1 f4 17. Bf2 g5 18. g4 fxg3 19. Bxg3 Nxg3+ 20. Qxg3 h6 21. h4 gxh4 22. Qxh4 Kh7 23. Ng4 Rf8 24. Rf2 Nf6 25. Rh2 Ng8 26. Rg1 Qe7 27. Qh5 Qf7 28. Qh4 Qf4 29. Qh5 Nf6 30. Nxf6+ Qxf6 31. Nd1 Bd7 32. Ne3 Qf7 33. Qh4 Qf6 34. Qh5 Be8 35. Qg4 Bxa4 36. Nf5 Rg8 37. Rhg2 Bh8 38. Qxg8+ Rxg8 39. Rxg8 Bd7 40. R1g6 Qxg6 41. Rxg6 Kxg6 42. Nxd6 b6 43. Bxa6 Bf6 44. c3 Kg5 45. b4 cxb4 46. cxb4 Kf4 47. Kg2 Be7 48. Nc4 1/2-1/2